LEADER 01175nam a2200313 i 4500 001 991000496639707536 008 041020s2003 riua b 001 0 eng d 020 $a0821834819 035 $ab1322962x-39ule_inst 040 $aDip.to Matematica$beng 041 1 $aeng$hrus 082 0 $a511.6$222 084 $aAMS 05A15 084 $aAMS 05C30 084 $aLC QA164.8.L3613 100 1 $aLando, Sergei K.$0481729 240 10$aLektsii o proizvodiashchikh funktsiiakh.$lEnglish$928795 245 10$aLectures on generating functions /$cS. K. Lando 260 $aProvidence, R. I. :$bAmerican Mathematical Society,$cc2003 300 $axv, 148 p. :$bill. ;$c22 cm 440 0$aStudent mathematical library,$x1520-9121 ;$v23 504 $aIncludes bibliographical references (p. 145-146) and index 650 0$aGenerating functions 907 $a.b1322962x$b21-09-06$c19-10-04 912 $a991000496639707536 945 $aLE013 05A LAN11 (2003)$g1$i2013000149240$lle013$op$pE32.76$q-$rl$s- $t0$u6$v0$w6$x0$y.i13955949$z06-12-04 996 $aLektsii o proizvodiashchikh funktsiiakh$928795 997 $aUNISALENTO 998 $ale013$b19-10-04$cm$da $e-$feng$griu$h0$i0 LEADER 00863nam a22002413i 4500 001 991000349749707536 005 20030121183212.0 008 021003s1963 it a||||||||||||||||ita 035 $ab11992682-39ule_inst 035 $aARCHE-008248$9ExL 040 $aDip.to Filologia Ling. e Lett.$bita$cA.t.i. Arché s.c.r.l. Pandora Sicilia s.r.l. 082 04$a851.91 100 1 $aPortinari, Folco$0320510 245 10$aUmberto Saba /$cFolco Portinari 260 $aMilano :$bU. Mursia e C.,$c1963 300 $a269 p. :$bill. ;$c20 cm 650 4$aSaba, Umberto 907 $a.b11992682$b02-04-14$c01-04-03 912 $a991000349749707536 945 $aLE008 FL.M. II B 36$g1$i2008000537739$lle008$o-$pE0.00$q-$rl$s- $t0$u1$v0$w1$x0$y.i1227642x$z01-04-03 996 $aUmberto Saba$9131441 997 $aUNISALENTO 998 $ale008$b01-04-03$cm$da $e-$fita$git $h0$i1